| 000 | 00614nam a2200217Ia 4500 | ||
|---|---|---|---|
| 005 | 20231108101126.0 | ||
| 008 | 131103s9999 xx 000 0 und d | ||
| 040 | _aLoreto College | ||
| 041 | _aEnglish | ||
| 082 |
_a792.024 _bGRA |
||
| 100 | _aGraham - Camphell,Alison | ||
| 245 |
_aDrama For Women _cAlison Graham-Campbell |
||
| 250 | _aand Frank Lambe; foreword by Flora Robson | ||
| 260 |
_aLondon _bG.Bell and Sons _cc 1960 |
||
| 300 | _a160 p. | ||
| 504 | _aIncludes bibliographical references and index | ||
| 650 | _aTheater for Women | ||
| 700 | _aLambe,Frank | ||
| 850 | _aLCLIB | ||
| 942 | _cBK | ||
| 999 |
_c17533 _d68012 |
||